A néphadsereg személyi kiválasztásának és oktatásának (nevelés, kiképzés) kérdései
Elmentve itt :
| Szerző: | |
|---|---|
| Dokumentumtípus: | Cikk |
| Megjelent: |
1948
|
| Sorozat: | Honvéd : katonai folyóirat
3 No. 7 |
| Kulcsszavak: | Hadtudomány |
| Online Access: | http://misc.bibl.u-szeged.hu/14372 |
| LEADER | 00610nab a2200169 i 4500 | ||
|---|---|---|---|
| 001 | misc14372 | ||
| 005 | 20191106141803.0 | ||
| 008 | 170607s1948 hu o 0|| hun d | ||
| 040 | |a SZTE Miscellanea Repozitórium |b hun | ||
| 041 | |a hun | ||
| 100 | 1 | |a Illy Gusztáv | |
| 245 | 1 | 2 | |a A néphadsereg személyi kiválasztásának és oktatásának (nevelés, kiképzés) kérdései |h [elektronikus dokumentum] / |c Illy Gusztáv |
| 260 | |c 1948 | ||
| 300 | |a 16 | ||
| 490 | 0 | |a Honvéd : katonai folyóirat |v 3 No. 7 | |
| 695 | |a Hadtudomány | ||
| 856 | 4 | 0 | |u http://misc.bibl.u-szeged.hu/14372/1/honved_003_007_016.pdf |z Dokumentum-elérés |